000 00513nam a2200157 i 4500
001 135535
003 ES-MaACL
007 t|
008 070719s1953 sp ||||1| spa d
080 _a86-121"19"
100 1 _aTorre, Gonzalo de la.
_9110739
245 1 0 _aMuza o la rendición de Granada
_b: tragedia histórica en verso en tres actos /
_cGonzalo de la Torre.
260 _aGranada :
_bEd. Iliberis,
_c1953.
300 _a219 p., 7 hoj. con 2 lám. :
_bil. ;
_c17 cm.
852 _aES-MaACL
_jC-8878
_bR.36618
999 _c135535
_d135535